| 000 | 00736nam a2200241Ia 4500 | ||
|---|---|---|---|
| 003 | GCL | ||
| 008 | 140319s9999 xx 000 0 ara d | ||
| 040 |
_aGCL / _cGCL |
||
| 082 | 0 | 4 |
_a347 _bق ا |
| 100 | 1 | _aفتيحة قرة | |
| 245 | 1 | 0 |
_aاحكام عقد المقاولة / _cفتيحة قرة |
| 260 |
_a[S.N] : _bمكتبه النهضه المصريه ، _c1992 |
||
| 300 | _a608 ص | ||
| 490 |
_aالكتب القانونية _v0 |
||
| 650 | 0 | 4 | _aالقانون |
| 650 | 0 | 4 | _aالعقود التجارية |
| 650 | 0 | 4 | _aالقانون المدنى |
| 650 | 0 | 4 | _aالعقود |
| 650 | 0 | 4 | _aالقانون التجارى |
| 650 | 0 | 4 | _aالسماسرة |
| 650 | 0 | 4 | _aالعلاقات التجارية |
| 942 |
_2ddc _cBK |
||
| 999 |
_c27532 _d27532 |
||